इसे छोड़कर सामग्री पर बढ़ने के लिए
Inicio
Centros participantes
Catálogo
Servicios
Contacto
लॉग इन करें
English
Deutsch
Español
Français
Italiano
日本語
Nederlands
Português
Português (Brasil)
中文(简体)
中文(繁體)
Türkçe
עברית
Gaeilge
Cymraeg
Ελληνικά
Català
Euskara
Русский
Čeština
Suomi
Svenska
polski
Dansk
slovenščina
اللغة العربية
বাংলা
Galego
Tiếng Việt
Hrvatski
हिंदी
Հայերէն
Українська
Sámegiella
भाषा
सभी फ़ील्ड्स
शीर्षक
लेखक
विषय
बोधानक
आईएसबीएन / आईएसएसएन
टैग
खोज
उन्नत
Declaración final
इसे उद्धृत करें
इसे ईमेल करें
प्रिंट
निर्यात रिकॉर्ड
को निर्यात RefWorks
को निर्यात EndNoteWeb
को निर्यात EndNote
सूची में सहेजें
स्थायी लिंक
पहली रेटिंग जोड़ें
Declaración final
में बचाया:
ग्रंथसूची विवरण
निगमित लेखक:
CODEHUCA
स्वरूप:
मूलपाठ
प्रकाशित:
San José:
CODEHUCA
टैग:
टैग जोड़ें
कोई टैग नहीं, इस रिकॉर्ड को टैग करने वाले पहले व्यक्ति बनें!
होल्डिंग्स
विवरण
टिप्पणियाँ
समान संसाधन
स्टाफ के लिए
MARC
LEADER
00000 a a2200000 04500
001
21751
003
040
090
|a
097400
110
|a
CODEHUCA
245
|a
Declaración final
260
|a
San José:
|b
CODEHUCA
300
|a
3 p.
999
|c
11696
|d
11696
समान संसाधन
Resoluciones
Informe sobre la situación de los derechos Humanos en Panamá
Informe sobre la situación de los derechos humanos en Guatemala: I y II parte
Informe sobre la situación de los derechos humanos en El Salvador
Informe sobre la situación de los derechos humanos en Nicaragua